|
|
|
|
| LEADER |
00000cam a2200000 7i4500 |
| 001 |
0000001359 |
| 002 |
000001497 |
| 005 |
20000330.0 |
| 020 |
|
|
|a 1856750205
|
| 090 |
0 |
0 |
|a 615.5
|b LAM
|
| 100 |
1 |
|
|a Lam, Kam Chuen
|f Master
|
| 245 |
1 |
4 |
|a The way of energy :
|b mastering the chinese art of internal strength with Chi Kung exercise
|c Master Lam Kam Chuen
|
| 260 |
|
|
|a London :
|b Gaia Books ,
|c 1991
|
| 300 |
|
|
|a 191p. :
|b ill. ;
|c 25cm.
|
| 650 |
0 |
0 |
|a Chi Kung
|
| 650 |
0 |
0 |
|a Exercise therapy
|z China
|
| 999 |
|
|
|a 032743
|b BUKU
|c PINJAMAN
|e PERPUSTAKAAN KOMUNITI PETALING JAYA
|
| 999 |
|
|
|a 032744
|b BUKU
|c PINJAMAN
|e PERPUSTAKAAN KOMUNITI PETALING JAYA
|